000 00720nam a2200229Ii 4500
003 JO-AjNU
008 230605s9999||||xx |||||||||||||| ||und||
017 _a2006/11/3216
020 _a9957-00-296-1
040 _aJO-AjNU
_bara
_erda
_cJO-AjNU
041 _aara
050 1 4 _aPJ7525.2.A55 2007
100 3 _aعلي، عزيزة,
_eauthor
_949300
245 0 0 _aخفق أجنحة حوارات نسائية في الأدب والفن
250 _aط1
264 3 1 _aعمان: دار الشروق، 2006
300 _a220ص
336 _atext
_btxt
_2rdacontent
337 _aunmediated
_bn
_2rdamedia
338 _avolume
_bnc
_2rdacarrier
650 4 _aالتراجم-الأدباء العرب-المرأة
_949301
999 _aA21645
_c25213
_d25213